An economic study on improved wheat production and seed storage in selected areas of Mymensingh district (Record no. 13553)
[ view plain ]
| 000 -LEADER | |
|---|---|
| fixed length control field | 00928nam a22002297a 4500 |
| 003 - CONTROL NUMBER IDENTIFIER | |
| control field | BD-DhSAU |
| 005 - DATE AND TIME OF LATEST TRANSACTION | |
| control field | 20161026154155.0 |
| 008 - FIXED-LENGTH DATA ELEMENTS--GENERAL INFORMATION | |
| fixed length control field | 161006b2014 bg ad||| |||| 00| 0 eng d |
| 040 ## - CATALOGING SOURCE | |
| Original cataloging agency | BD-DhSAU |
| 082 ## - DEWEY DECIMAL CLASSIFICATION NUMBER | |
| Edition number | 22 |
| Classification number | 332.041 |
| Item number | H2758 |
| 100 ## - MAIN ENTRY--PERSONAL NAME | |
| Personal name | Hassan , Md. Nazmul |
| 245 ## - TITLE STATEMENT | |
| Title | An economic study on improved wheat production and seed storage in selected areas of Mymensingh district |
| Statement of responsibility, etc. | Md. Nazmul Hassan |
| 260 ## - PUBLICATION, DISTRIBUTION, ETC. (IMPRINT) | |
| Place of publication, distribution, etc. | Dhaka :: |
| Name of publisher, distributor, etc. | Sher e Bangla Agricultural University, |
| Date of publication, distribution, etc. | 2014 |
| 300 ## - PHYSICAL DESCRIPTION | |
| Extent | ix, 78 p. : |
| Other physical details | ill. ; |
| Dimensions | 30 cm. |
| 590 ## - Name of Cataloguer | |
| Name of Cataloger | Kamim |
| 650 ## - SUBJECT ADDED ENTRY--TOPICAL TERM | |
| Topical term or geographic name as entry element | Management and Finance |
| 650 ## - SUBJECT ADDED ENTRY--TOPICAL TERM | |
| Topical term or geographic name as entry element | Economic study on improved wheat production |
| 650 ## - SUBJECT ADDED ENTRY--TOPICAL TERM | |
| Topical term or geographic name as entry element | Seed storage in selected areas of Mymensingh districtglyoxalase system in congerring abiotic stress tolerance in mung bean (Vigna raddita L.) |
| 700 ## - ADDED ENTRY--PERSONAL NAME | |
| Personal name | Miah, Md. Abdul Monayem |
| Relator term | Supervisor |
| 700 ## - ADDED ENTRY--PERSONAL NAME | |
| Personal name | Parvin, Mosammod Mahamuda |
| Relator term | Co-Supervisor |
| 942 ## - ADDED ENTRY ELEMENTS (KOHA) | |
| Source of classification or shelving scheme | Dewey Decimal Classification |
| Koha item type | MS Level Thesis |
| Withdrawn status | Lost status | Source of classification or shelving scheme | Damaged status | Not for loan | Collection code | Home library | Branch Name | Shelving location | Date acquired | Total Checkouts | Full call number | Barcode | Date last seen | Price effective from | Koha item type |
|---|---|---|---|---|---|---|---|---|---|---|---|---|---|---|---|
| Dewey Decimal Classification | Not For Loan | Reference | SAU Library | SAU Library | Reference | 26/10/2016 | 332.041 H2758 | 39723 | 26/10/2016 | 26/10/2016 | MS Level Thesis |
